[Event "Griesheim GM"]
[Site "Griesheim"]
[Date "2002.01.28"]
[Round "6"]
[White "Glek, Igor Vladimirovich"]
[Black "Grabarczyk, Miroslaw"]
[Result "1-0"]
[WhiteElo "2601"]
[BlackElo "2495"]
[Annotator "Postny,E"]
[PlyCount "97"]
[EventDate "2002.01.23"]
[EventType "tourn"]
[EventRounds "9"]
[EventCountry "GER"]
[EventCategory "12"]
[SourceTitle "CBM 088"]
[Source "ChessBase"]
[SourceDate "2002.03.21"]
[SourceVersion "1"]
[SourceVersionDate "2002.03.21"]
[SourceQuality "1"]

1. e4 {Glek} e5 2. Nf3 Nc6 3. Nc3 Nf6 4. g3 {This variation is Glek's
speciality.} Bb4 5. Bg2 Bxc3 {More popular is 5...0-0 or 5...d6.} 6. bxc3 (6.
dxc3 d6 7. Bg5 (7. Nh4 {Glek} h6 8. Nf5 Bxf5 9. exf5 Qd7 10. g4 O-O-O $132 {
Glek,I-Piket,J/NLD-chT 1995/1/2-1/2 (47)}) 7... h6 8. Bxf6 Qxf6 9. Nd2 h5 10.
Nc4 Be6 11. Ne3 O-O-O 12. h4 Ne7 13. Qd2 Qh6 14. c4 f5 15. O-O-O f4 16. Nd5 Ng6
$15 {1/2-1/2 Glek,I-Adams,M/Germany 1996/GER-chT (59)}) 6... Nxe4 7. Nxe5 Nxe5
(7... Nxc3 $4 {Glek} 8. Nxc6 Nxd1 9. Nxd8 $18) (7... Qf6 {Glek} 8. Bxe4 Qxe5 9.
O-O $14) 8. Bxe4 d5 9. Bg2 O-O 10. O-O Re8 (10... d4 11. h3 d3 12. f4 Nc4 13.
cxd3 Qxd3 14. Rf3 (14. Qf3 $142) 14... Qd6 15. d3 Bf5 16. Qf1 Na5 17. g4 Be6
18. c4 Bd7 19. Bd2 Bc6 20. Rf2 Bxg2 21. Kxg2 Nc6 $15 {1/2-1/2 Reefschlaeger,
H-Xie Jun/Bad Wiessee 1997/CBM 61 ext (54)}) 11. h3 c6 12. d3 f6 {From my
point of view, this move is unnecessary weakens black's position.} ({Possible
is} 12... b6 {[%cal Gc8b7,Gc6c5]}) 13. a4 Be6 14. a5 Qd7 15. Kh2 Nf7 16. Be3
$146 {'!?' Glek.} (16. Bf4 {- see the game Glek,I-Kortschnoj,V /Wijk aan Zee
1997/CBM 57 [Tsesarsky]} Nd6 17. Qb1 (17. Re1 $11 {Glek}) 17... Nb5 18. Qb2
Rac8 (18... Re7 {Glek} 19. Rfe1 Rae8 20. Rab1 $11) 19. Rfb1 Re7 20. Qb4 Rd8 21.
c4 (21. Be3 $1 $14 {Glek}) 21... dxc4 22. dxc4 Nd4 23. Rd1 (23. Rb2 $5 {Glek})
23... Qe8 (23... Nxc2 $2 {Glek} 24. Rxd7 Rexd7 25. Qc3 Nxa1 26. Qxa1 Bxc4 27.
Be3 $18) 24. Qb2 (24. c3 $6 {Glek} Nc2 25. Rxd8 Qxd8 26. Rd1 Rd7 27. Rxd7 Qxd7
28. Qc5 g5 $15) (24. Rd2 $5 {Glek}) 24... c5 25. c3 Nf5 (25... Nc6 {Glek} 26.
Rxd8 Nxd8 (26... Qxd8 {Glek} 27. a6 Bc8 28. Qb5 Qd7 29. axb7 Bxb7 30. Bd5+ Kh8
31. Qxc5 $18) 27. Bd6 Rd7 28. Bxc5 $16) 26. Qc2 (26. Bxb7 $1 {Glek} Bxc4 (26...
Rxd1 {Glek} 27. Rxd1 Bxc4 28. Bg2 Bf7 (28... Re2 {Glek} 29. Qb7 Rxf2 30. Kh1 g5
31. Qc7 gxf4 32. Rd8 Nxg3+ 33. Kg1 Re2 34. Rxe8+ Rxe8 35. Qxc5 $18) 29. Rd2 $14
) (26... g5 {Glek} 27. Bc6 Qf8 28. Rxd8 Qxd8 29. Qb8 Qxb8 30. Bxb8 $16) 27. Bc6
$1 Qf8 28. Qc2 g6 29. Be4 Be6 30. g4 $16) 26... g5) 16... Ng5 $6 {This is a
very concrete move, but an awkward one.} (16... Nd6 $142) 17. Qh5 h6 (17... g6
$2 18. Qh4) 18. Rab1 {'!?' Glek.} ({Also possible} 18. Rfe1) (18. Rfb1 $14 {
Glek}) 18... Qc7 19. Bf4 Qxa5 20. Rxb7 Bf7 $6 ({The pawn should have been
taken immideatly.After} 20... Qxc3 21. Qd1 (21. Bxg5 fxg5 22. Rxa7 $11 Rf8 23.
Rxa8 (23. Re7 {Glek} Bf7 $15) 23... Rxa8 24. Qe2 Re8 25. Rb1 $11) (21. Rfb1 $5
$44 {Glek}) 21... a5 {The position is double-edged.}) 21. Qd1 Qxc3 22. Bd2 Qa3
$6 {An unfortunate square for the Q. Better was 22...Qd4.} 23. f4 Ne6 $6 (23...
Nh7 $142 24. Qg4) 24. f5 {Another move with "tempo". By clearing the forth
rank, white increases his attacking chances.} Ng5 $6 {Another innaccuracy.
After this moment, it's very hard (if possible) to save black's position.} ({
Much better was} 24... Nd8 25. Rd7 a5 {and black's position is still playable.}
) 25. h4 Nh7 {The knight occupied quite an unfortunate place. Despite having
an extra pawn black is in serious trouble now.} 26. Qg4 {[%csl Rh6] '+/-' Glek.
} h5 27. Qf4 {[%cal Gf4c7]} Qf8 {The alternatives are not better:} (27... Re2
28. Bb4 Qa2 $8 29. Qc7 d4 30. Kh3 $18 {[%csl Gb7,Gc7][%cal Rf1a1]}) (27... Rac8
28. Qd4 $1 c5 (28... Re2 {Glek} 29. Ra1 Qf8 30. Raxa7 $18) 29. Qa1 Qxa1 30.
Rxa1 $18 {[%csl Ga1,Gb7,Gd2,Gg2]}) 28. Bb4 c5 29. Ba3 {The threat 30.d4 can
not be parryied in satisfactory way.} Rac8 30. d4 Re2 31. Rf2 Rxf2 32. Qxf2 Qd8
33. Bxc5 {'+-' Glek.} Rc7 34. Rxa7 $18 {White has gained the pawn and keeps
the initiative.} Rxa7 35. Bxa7 Qc7 36. Bc5 {White's BB are very strong.} Nf8
37. Qe3 Qd8 38. Qb3 Nd7 $2 {Probably time-trouble.} 39. Qb7 $2 ({Why not} 39.
Bxd5 {?}) 39... Nf8 40. c3 {Black is in zugzwang.} g5 41. Be7 {Winning another
pawn. The rest of the game is a matter of technic.} Qd7 42. Qxd7 Nxd7 43. hxg5
fxg5 44. Bxg5 Nb6 45. Kh3 Nc4 46. Bf4 Kg7 47. Kh4 Kf6 48. Bh3 Be8 49. Be5+ ({
After} 49. Be5+ Nxe5 50. dxe5+ Kxe5 51. Kg5 {black is completely hopeless.})
1-0

[Event "American Continental 2nd"]
[Site "Buenos Aires"]
[Date "2003.08.26"]
[Round "8"]
[White "Nakamura, Hikaru"]
[Black "Campora, Daniel Hugo"]
[Result "1/2-1/2"]
[WhiteElo "2568"]
[BlackElo "2510"]
[Annotator "Postny,E"]
[PlyCount "152"]
[EventDate "2003.08.17"]
[EventType "swiss"]
[EventRounds "11"]
[EventCountry "ARG"]
[SourceTitle "CBM 097"]
[Source "ChessBase"]
[SourceDate "2003.11.11"]
[SourceVersion "1"]
[SourceVersionDate "2003.11.11"]
[SourceQuality "1"]

1. e4 e5 2. Nf3 Nc6 3. Nc3 Nf6 4. d4 exd4 5. Nxd4 d6 {This line is a bit more
passive than the main 5...Bb4.} 6. Nde2 {This is a very rare continuation.
White wants to avoid possible exchange of knights and intends to develope his
light-squared bishop via g2. Still this move looks somewhat unnatural.} ({
More popular continuations are:} 6. Bb5 Bd7 7. O-O Be7 8. Nf5 Bxf5 9. exf5 O-O
10. g4 h6 11. f4 Nh7 12. Be3 Re8 13. Qf3 Bf6 14. Rad1 a6 15. Bc4 Na5 16. Bd3 b5
17. Kh1 Bxc3 18. bxc3 Qd7 $13 {1/2-1/2 Sulskis,S-Campora,D/Gibraltar 2003 (56)}
) (6. Be2 Be7 7. Bf4 Bd7 8. O-O O-O 9. h3 Re8 10. Re1 Nxd4 11. Qxd4 Bc6 12.
Rad1 Nd7 13. Nd5 Bf6 14. Nxf6+ Qxf6 15. Qxf6 Nxf6 16. f3 $14 {1/2-1/2 Popov,
V-Gubajdullin,A/St Petersburg 1999 (52)}) (6. Nxc6 bxc6 7. Bd3 g6 8. Qe2 Bg7 9.
e5 dxe5 10. Qxe5+ Be6 11. O-O O-O 12. Bg5 Rb8 13. Rad1 Nd5 14. Qg3 Qc8 15. Nxd5
cxd5 $11 {1/2-1/2 Karjakin,S-Djuric,S/Panormo rapid 2002/CBM 90 ext (32)}) (6.
Bc4 Be7 7. O-O O-O 8. Nxc6 bxc6 9. Re1 Nd7 10. Be3 Nb6 11. Bb3 a5 12. Na4 Nxa4
13. Bxa4 Bd7 14. c3 Rb8 15. Qe2 c5 16. Bxd7 Qxd7 17. Rad1 Qe6 $11 {1/2-1/2
Ansell,S-Littlewood,J/Birmingham 2001/CBM 79 ext (50)}) 6... Be7 7. h3 $146 (7.
g3 h5 8. h3 Ne5 9. Bg2 c6 10. f4 Nc4 11. b3 Nb6 12. Bb2 Qc7 13. a4 a6 14. Qd2
$14 {1-0 De Jong,M-Hofman,R/Wijk aan Zee 1997/CBM 60 ext (54)}) 7... O-O 8. g4
Rb8 9. Bg2 b5 10. a3 $6 {This move is useless and can only give black a target
on the queenside.} ({The immediate} 10. O-O {is preferable.}) 10... a6 $6 ({
More consequent would have been} 10... a5) 11. O-O Re8 12. Be3 Bf8 13. Ng3 b4 {
Black realized, that he should act more decisively, otherwise he will be just
gradually squeezed.} 14. axb4 Nxb4 15. Qd2 Bb7 16. Rad1 a5 17. b3 $6 {The same
as 10.a3 - this move is useless and assists black to create a counterplay on
the queenside.} (17. f4 $142 $14) 17... Qc8 18. f4 c5 19. g5 $6 {Too hastily.}
(19. Rfe1 {should have been prefered.}) 19... Nd7 20. f5 (20. Nf5 $6 {[%csl
Rd6]} d5 $1 21. Nxd5 Nxd5 22. exd5 Nb6 $15) 20... c4 21. Na4 $2 {Allows black
to seize the initiative.} ({More consequent was} 21. g6 cxb3 22. gxf7+ Kxf7 23.
cxb3 Nc5 $13 {with double-edged position.}) 21... d5 $5 {Logical strike in the
centre. White has a lot of weak fields in his camp.} (21... cxb3 22. cxb3 Ba6
23. Rc1 Nc5 $15) 22. Bf4 d4 $1 {[%mdl 512] Very promising exchange sacrifice.}
23. Bxb8 (23. Qxd4 Ne5 $5 24. Bxe5 Nc6 25. Qxc4 Ba6 26. Qc3 Bb4 27. Qe3 Nxe5
$44) (23. c3 $2 dxc3 24. Qxd7 c2 $19) 23... Nxb8 $2 {Black was probably too
optimistic.} ({Far more logical was} 23... Qxb8 {[%csl Rg3]} 24. Ne2 Nc5 {
with strong initiative.}) 24. Nh5 $2 {After this move white's position is
about to collapse.} ({After} 24. Qxd4 Nxc2 25. Qc3 $1 {white is better again.})
24... Bxe4 25. Nb6 (25. Bxe4 Rxe4 26. Qg2 Qe8 $17) 25... Qc5 26. Nxc4 d3+ (
26... Bxc2 {is another attractive option for black.}) 27. Kh1 dxc2 28. Ra1
Bxg2+ {It is important to eliminate the key defender of white's king.} ({
Worse is} 28... Bd3 $6) 29. Qxg2 N8c6 {The strong passed pawn on c2 gives
black more, than sufficient compensation for the exchange.} 30. g6 (30. f6 $142
g6 31. Nf4) 30... Qd5 $1 {After the exchange of queens the pawn c2 will become
the dominant factor in the position.} 31. gxf7+ Kxf7 32. Qxd5+ Nxd5 33. Nxa5 (
33. Rfc1 Ndb4 34. Nf4 Nd4 35. Nxa5 Bd6 36. Rf1 Bxf4 $1 37. Rxf4 Rd8 $1 $19 {
[%cal Gb4d3]}) 33... Ne3 (33... Nd4 {was strong as well.}) 34. Rfc1 (34. Nxc6
$2 Nxf1 35. Rxf1 Ba3 $19) 34... Nxa5 $2 {Illogical. Black is exchanging
white's side-placed knight and allows the rooks activity.} (34... Nd4 $1 {
[%csl Gd4,Ge3]} 35. Nc4 Nexf5 36. Nf4 Kg8 $1 {[%cal Gd4b3] It does not seem
that white can survive in this position.} (36... Nxb3 $4 37. Ra7+ {[%csl Rc2]
[%cal Gc1c2]})) 35. Rxa5 Rd8 36. Ra7+ Be7 37. Rg1 Rd1 $6 ({Black has more
winning chances after} 37... Nxf5 38. Rc7 Rd2) 38. Rc7 Kf8 39. Rc8+ Kf7 (39...
Bd8 40. Kh2 Rxg1 41. Kxg1 Ke7 42. Kf2 Bb6 43. Ke2 Kd7 44. Rc3 Bd4 45. Rxc2 Nxc2
46. Kd3 Be5 47. Kxc2 g6 48. Kd3 gxh5 $11 {[%csl Gh1]}) 40. Rc7 Kf8 41. Nf4 $6 {
It's interesting that white is the side who avoids the repetition in this
position. However this decision is quite optimistic.} (41. Rc8+ $11) 41... Bf6
42. b4 $2 (42. Ng2 $2 Bd4 $19) ({Necessary was} 42. Rc8+ Ke7 43. Ng2 $1 Bd4 44.
Re1 $1 $11) 42... Be5 43. Rc8+ (43. Ne6+ Ke8 $19) 43... Ke7 44. Ne2 Rd2 45. Re1
Nxf5 $2 {Missing the win.} (45... Kd7 $1 46. Rc5 Bd6 47. Rc3 Nd1 $1 48. Rc4
Nf2+ 49. Kg2 Nd3 $19) {[%tqu "En","What would you sugges for white?","","",
"e2d4","This unexpected tactical shot saves white's position.",8]} 46. Nd4 $1 {
This unexpected tactical shot saves white's position.} Kd7 (46... Nxd4 47.
Rxe5+ Kd7 48. Rec5 $11) 47. Rxe5 Kxc8 (47... Ng3+ 48. Kg1 Kxc8 49. Rc5+ $11)
48. Rc5+ Kd7 49. Nxc2 {Black's main trump is eliminated and the draw become
more or less obvious.} Nh4 {Threatening to create a mating net after 50...Nf3.}
50. Rc3 g5 51. b5 h5 52. Nb4 (52. b6 $6 Rd1+ 53. Kh2 Rb1 {[%csl Rb6]}) 52...
Rb2 (52... g4 {[%cal Gh4f3]} 53. hxg4 hxg4 54. Rd3+ $11) 53. Nd5 Kd6 54. Rd3
Ke5 55. Nc3 g4 56. hxg4 ({But not} 56. Rd5+ Kf4 57. Rxh5 Nf3 58. hxg4 Rc2 {
and white's king is in trouble.}) 56... hxg4 57. Kg1 Nf3+ 58. Kf1 Kf4 59. Ne2+
Ke5 60. Nc3 Kf5 61. Ne2 Kg5 62. Kf2 Rxb5 63. Rd8 {Black's extra pawn is
certainly not enough for a win. With accurate play white can avoid the endgame
R+N vs R as well.} Ne5 64. Rg8+ Kf6 65. Rf8+ Ke7 66. Ra8 Rb2 67. Ke3 Rb4 68.
Kf2 Rb3 69. Ra7+ Kf6 70. Ra6+ Kg5 71. Ra5 Rf3+ 72. Kg2 Re3 73. Kf2 Rf3+ 74. Kg2
Kf6 75. Ra6+ Ke7 76. Nd4 {[%csl Rf3][%cal Ga6e6]} Rd3 1/2-1/2

[Event "Kish 2nd"]
[Site "Kish"]
[Date "2005.02.04"]
[Round "4"]
[White "Sharbaf, Mohsen"]
[Black "Petrosian, Tigran L"]
[Result "0-1"]
[WhiteElo "2403"]
[BlackElo "2568"]
[Annotator "Postny,E"]
[PlyCount "124"]
[EventDate "2005.02.02"]
[EventType "tourn"]
[EventRounds "11"]
[EventCountry "IRI"]
[EventCategory "9"]
[SourceTitle "CBM 106"]
[Source "ChessBase"]
[SourceDate "2005.06.06"]
[SourceVersion "1"]
[SourceVersionDate "2005.06.06"]
[SourceQuality "1"]

1. e4 e5 2. Nf3 Nf6 3. Nc3 Nc6 4. d4 Bb4 (4... exd4 5. Nxd4 Bb4 {considered by
theory as more solid for black.}) 5. d5 ({More principled continuation is} 5.
Nxe5) 5... Ne7 (5... Nb8 {0-1 Shevelev,A-Golod,V/Beer Sheva 2004/CBM 103 
[Golod,V] (49)}) (5... Nxe4 6. dxc6 (6. Qd3 Nc5 7. Qc4 b5 8. Qg4 O-O 9. dxc6 e4
10. Bg5 f6 11. Bh6 Rf7 12. Nd4 Na4 13. Nf5 dxc6 14. Rd1 Qf8 15. Bd2 g6 16. Nxa4
Bxf5 17. Qg3 e3 18. fxe3 Bxc2 19. Rc1 Bxa4 $19 {0-1 Mihajlovskij,S-Aleksandrov,
A/Minsk 2000/EXT 2001 (24)}) 6... Nxc3 7. bxc3 Bxc3+ 8. Bd2 Bxa1 9. Qxa1 d6 10.
cxb7 Bxb7 {leads to an interesting position with mutual chances.}) 6. Nxe5 (6.
Qd3 O-O 7. Bg5 Ng6 8. g3 c6 9. d6 h6 10. Bxf6 Qxf6 11. O-O-O Re8 12. Bh3 Bxd6
13. Qxd6 Qxf3 14. Rhf1 Nf8 15. Bf5 g6 16. Bh3 b6 17. Rd2 Qh5 {1/2-1/2 Malakhov,
V-Turov,M/Elista 2001/CBM 083 (17)}) (6. Bd3 {appeared in practice as well,
but in most of the games white achieved equality at best.}) 6... d6 (6... Nxe4
7. Qd4 Bxc3+ 8. bxc3 Nf6 9. c4 Nf5 10. Qd3 Qe7 11. Qxf5 d6 12. Qg5 O-O 13. Bb2
dxe5 14. O-O-O Nxd5 15. Qxe7 Nxe7 16. Ba3 Nc6 17. Bxf8 Kxf8 $44 {0-1 Murariu,
A-Firman,N/Bucharest 2003/CBM 094 (53)}) 7. Nf3 (7. Bb5+ Kf8 8. Nf3 Nxe4 9. Qd4
Bxc3+ 10. bxc3 Nf6 11. Bg5 Nf5 12. Qd3 h6 13. Bd2 a6 14. Ba4 b5 15. Bb3 Qe8+
16. Kf1 Ne7 17. c4 bxc4 18. Bxc4 Bb7 19. Rb1 Bxd5 20. Bxd5 Nexd5 $17 {0-1
Trabert,B-Flear,G/Asti 1998/EXT 2003 (41)}) 7... Nxe4 8. Qd4 Bxc3+ 9. bxc3 Nf6
10. c4 O-O {White has advantage in space and a pair of bishops, but his pawn
structure is seriously danaged. Therefore, black's position should be prefered.
} 11. Bd3 (11. Be2 Nf5 12. Qd1 Ne4 13. Bb2 Nc5 14. Rb1 Nh4 15. Nxh4 Qxh4 16.
O-O Bf5 17. Qd2 Rfe8 $15 {0-1 Santo Roman,M-Hector,J/Manila 1992/TD (38)})
11... Nf5 12. Bxf5 (12. Qf4 Re8+ 13. Kd1 Nh5 (13... Ne7 $5 {[%cal Ye7g6]}) 14.
Qg5 Qxg5 15. Bxg5 h6 16. Bd2 Nf6 17. Re1 Bd7 $11 {1/2-1/2 Caro,H-Schlechter,C/
Vienna 1898/HCL (39)}) 12... Bxf5 $146 (12... Re8+ 13. Be3 Bxf5 14. O-O Bxc2
15. Qb2 Bd3 16. Rfc1 b6 17. Bg5 h6 18. Bxf6 Qxf6 19. Qxf6 gxf6 20. Rc3 Bg6 $15
{1-0 Pilnik,H-Milner Barry,P/Moscow 1956/MCD (61)}) 13. O-O Re8 14. Bg5 Re4 15.
Qc3 (15. Bxf6 $2 Qxf6 16. Qxf6 gxf6 {and white won't hold his queenside
weaknesses.}) 15... h6 16. Be3 {Again, the exchange on f6 was bad for white.}
Bg6 17. Rfe1 c5 18. Nd2 $6 {It's not recommended for white to keep the
queenside fixed. Therefore, he should have used the opportunity of capturing
"en passant".} (18. dxc6 $142 bxc6 19. Bd4) 18... Re7 19. f3 ({Comes into
consideration} 19. a4 {preventing the move that now follows...}) 19... b5 $1
20. Bf2 b4 21. Qb2 Nd7 22. Rxe7 Qxe7 23. Re1 Qd8 24. Ne4 {[%csl Rd6] Reminding
to black, that he has a weakness as well...} Nb6 {[%csl Rc4]} 25. Qb3 a5 26.
Bg3 {[%csl Rd6]} a4 27. Qd3 {Black achieved nearly perfect position, but how
to win this?} Qd7 28. Qe2 $1 {Forcing black to exchange his bishop.} Bxe4 (
28... Re8 $4 29. Nf6+ $18 {[%csl Re8]}) 29. Qxe4 f5 30. Qf4 Re8 $1 31. Rxe8+
Qxe8 32. h3 (32. Qxd6 $2 Qe3+ 33. Kf1 Nxc4 34. Qe6+ Qxe6 35. dxe6 Ne3+ 36. Ke2
Nxc2 37. Kd3 Nd4 38. e7 Kf7 39. Bd6 b3 40. axb3 axb3 $19 {[%csl Gb3]}) 32...
Qe2 33. Qxf5 (33. Qxd6 $2 Nxc4 34. Qe6+ (34. Qxc5 Ne3 $19 {[%csl Rg2]}) 34...
Qxe6 35. dxe6 Ne3 36. Bd6 Nxc2 37. Bxc5 b3 $19) 33... Nxc4 34. Qc8+ Kh7 35.
Qf5+ Kg8 36. Qc8+ Kf7 37. Qf5+ Ke7 {Black is correctly avoiding the perpetual
check and playing for a win.} 38. Qg6 Qd1+ 39. Kh2 Qxd5 40. Qxg7+ Qf7 {After
the exchange of queens black's advanced queenside pawns will decide, so white
must keep the queens on the board.} 41. Bh4+ Ke8 42. Qxh6 {White is even a
pawn up, but his position is still difficult, since the black pawns are far
more advanced than the white ones.} Kd7 43. Qg5 Kc6 44. Qd8 Ne3 45. Qa8+ Kb5
46. Qb8+ Kc6 47. Qa8+ Kb5 48. Qb8+ Kc4 49. Qxd6 Nxc2 50. Bf2 $6 {Wasting an
important tempo.} ({It looks like white could equalize after} 50. Qa6+ $1 Kc3
51. Bf6+ Nd4 52. Qc6 $1) 50... Qd5 51. Qa6+ Kc3 52. Qxa4 c4 53. h4 $2 {White
is far behind in the race anyway. Therefore, it was much stronger to transfer
the queen to a more active position.} (53. Qa7) 53... b3 54. axb3 cxb3 55. Qa6
b2 56. Qb6 Na3 $6 ({Much simpler was} 56... Qb3 57. Qf6+ Kd2 $19) 57. Be1+ Kc2
58. Qf2+ Kc1 59. Qe3+ Kd1 60. Bb4 Nc2 (60... b1=Q $4 61. Qe1+ Kc2 62. Qc3+ $11)
61. Qg1+ Ke2 62. Bc3 {[%tqu "En","Find the winning move.","","","d5c4","The
drawback of 53.h4 is now quite obvious...",3]} Qc4 {[%csl Rh2][%cal Gc4h4,
Gc4c3] The drawback of 53.h4 is now quite obvious...} 0-1

[Event "GER-ch 76th"]
[Site "Altenkirchen"]
[Date "2005.02.22"]
[Round "5"]
[White "Scheerer, Christoph"]
[Black "Graf, Alexander"]
[Result "0-1"]
[WhiteElo "2401"]
[BlackElo "2637"]
[Annotator "Postny,E"]
[PlyCount "80"]
[EventDate "2005.02.18"]
[EventType "swiss"]
[EventRounds "9"]
[EventCountry "GER"]
[SourceTitle "CBM 106"]
[Source "ChessBase"]
[SourceDate "2005.06.06"]
[SourceVersion "1"]
[SourceVersionDate "2005.06.06"]
[SourceQuality "1"]

1. e4 e5 2. Nc3 Nf6 3. a3 {White decided to move the game out of the
theoretical tracks. Obviously, this move is more like a waste of tempo than a
useful prophylaxy.} Nc6 4. Nf3 d6 (4... Be7 5. d4 d6 6. Bb5 exd4 7. Nxd4 Bd7 8.
O-O O-O 9. Re1 Nxd4 10. Qxd4 Bxb5 11. Nxb5 Nd7 12. a4 Re8 13. a5 Bf6 14. Qb4
Nc5 15. Bd2 c6 16. Nc3 b6 17. axb6 {1/2-1/2 Wahls,M-Piket,J/Novi Sad 1990/TD 
(17)}) ({The following variation shows the hidden idea of 3.a3:} 4... Bc5 $6 5.
Nxe5 Nxe5 (5... Bxf2+ $6 6. Kxf2 Nxe5 7. d4 $16) 6. d4 {and the reply 6...Bb4
is not possible.}) 5. d4 exd4 6. Nxd4 Be7 7. Be2 O-O 8. O-O Re8 {This position
usually arises from Philidor defense, without the move a2-a3.} 9. f4 Nxd4 10.
Qxd4 c6 11. h3 $6 {This is already a waste of an important tempo.} (11. Rd1
$142) 11... d5 $1 12. exd5 $6 {Good or bad, white must opt for the principled
12.e5.} (12. e5 Nd7 13. Be3 Bc5 (13... Qc7 $5) 14. Qd2 Bxe3+ (14... Qb6 15.
Bxc5 Nxc5 16. Kh2 Qxb2 $2 17. Rfb1 Nb3 18. Qd3 Qxa1 19. Rxa1 Nxa1 20. Qd1 $18 {
[%csl Ra1]}) 15. Qxe3 f6 16. Bh5 g6 (16... Re7 17. e6 g6 18. f5 gxh5 19. Qh6
$44) 17. Qg3 Kh8 18. Bg4 fxe5 19. Bxd7 exf4 20. Rxf4 Bxd7 21. Rf7 $44) 12...
Be6 13. f5 Bxd5 14. Nxd5 Nxd5 {White has pair of bishops, but the weakness of
dark squares in his camp is the dominant factor in the position.} 15. c3 Bd6
16. Bc4 Qe7 $6 {[%cal Gd6c5]} ({Much more tempting would have been} 16... Bc7
$1 {[%cal Gc7b6,Gd8d6]} 17. Qg4 Qd6 18. Bxd5 cxd5 19. f6 Qh2+ 20. Kf2 g6 $19 {
[%csl Rf2][%cal Ge8e4,Ge8e6]}) 17. Kh1 Bc5 18. Qg4 Nf6 19. Qf3 Qe5 20. g4 {
Defending the Pf5 and preparing Bc1-f4.} Rad8 21. Bf4 Qe4 22. Ba2 Kf8 {Since
the queens will be swapped, it's useful to move the king towards the centre.} (
22... Rd3 $2 23. Qxe4 Nxe4 24. Rae1 Rxh3+ 25. Kg2 Rh4 26. Kf3 Rh3+ 27. Kg2 {
and black must repeat moves.}) 23. Qxe4 Rxe4 24. Rae1 Rde8 25. Rxe4 Rxe4 26. b4
Be7 27. Bb8 $2 {Giving black an access to the third rank.} ({After} 27. Kg1 {
white is nearly OK.}) 27... Re3 {[%csl Ra3,Rc3,Ge3,Rh3]} 28. Kg2 Ne4 29. Bb1 (
29. Bxa7 Rg3+ 30. Kh2 Bd6 $19) 29... Nd2 30. Rd1 Nxb1 31. Rxb1 Rxc3 32. Bxa7
Rxa3 {Black is a pawn up which should ne enough for a win.} 33. Bf2 Ra2 34. Kf3
Ra3+ 35. Kg2 Bd6 36. b5 $2 {This loses quickly.} ({White could resist after} 
36. Bc5 $1 Rd3 37. Ra1 Bxc5 38. bxc5 Ke7 39. Rb1) 36... c5 $19 37. b6 Ke7 38.
Rb5 Kd7 $1 39. Bxc5 Ra2+ 40. Bf2 {In case of any other reply 40...Kc6 wins as
well.} Kc6 0-1